Zgadnij państwo po kilku sąsiednich państwach - Statystyki

Ogólne statystyki
  • Ten quiz został rozwiązany 122 razy
  • Średni wynik to 7 z 8
Statystyki odpowiedzi
Sąsiedzi: Państwo: % Poprawnych
Rosja, łotwa Estonia
98%
Belgia, włochy, Hiszpania, Francja
97%
argentyna,peru Chile
91%
Słowacja,Rumunia, serbiaaustria Węgry
91%
Rumunia, Serbia, macedonia Bułgaria
85%
wietnam, tajlandiakambodża Laos
76%
kostaryka, kolumbia Panama
75%
somalia, etiopia, tanzania Kenia
69%
Nie znaleziono quizów pasujących do podanych kryteriów
Rozkład punktacji
Procent ludzi z każdym wynikiem
Percentyl według liczby udzielonych odpowiedzi
Twoja historia wyników
Nie rozwiązałeś tego quizu